Biblioteca

Perdón y reconciliación : (Registro nro. 68215)

Detalles MARC
000 -LÍDER
Campo fijo de descripción fija 01815nab a2200205 i 4500
001 - NÚMERO DE CONTROL
Campo de control 768714001
003 - IDENTIFICADOR DEL NÚMERO DE CONTROL
Campo de control CO-MdFUSB
005 - FECHA Y HORA DE LA ULTIMA TRANSACCIÓN
control field 20260313161144.0
008 - ELEMENTOS DE LONGITUD FIJA -- INFORMACIÓN GENERAL
Campo fijo de descripción fija -- Información general 220927s2014 ||||| |||| 00| 0 spa d
040 ## - FUENTE DE CATALOGACIÓN
Idioma de catalogación spa
Agencia que realiza la transcripción CO-MdFUSB
Agencia que realiza la modificación CO-MdFUSB
041 ## - CÓDIGO DE IDIOMA
Código de idioma para texto/pista de sonido o título separado spa
100 ## - ASIENTO PRINCIPAL--NOMBRE PERSONAL
Nombre personal Arango Arango, Horacio,
Término relacionador autor
245 ## - TÍTULO
Título Perdón y reconciliación :
Subtitulo condiciones indispensables para la paz
Mención de responsabilidad / Horacio Arango Arango
300 ## - DESCRIPCIÓN FÍSICA
Extensión Número 7, (2014), páginas 11 - 24
Dimensiones ; 20 cm
520 ## - NOTA DE RESUMEN, ETC.
Nota de sumario, etc. En Colombia es urgente que la sociedad civil se haga experta en reconciliación, llevándola a las situaciones cotidianas, para que los colombianos, preparemos nuestro corazón para el perdón de lo imperdonable. Se requiere para esto, una pedagogía de la reconciliación, que fomente la inteligencia emocional, las habilidades sociales y las competencias ciudadanas, aportando elementos para vivir los tres componentes del movimiento reconciliador los cuáles son: el reencuentro consigo mismo, el encuentro con el otro y la reconstrucción social.<br/>Si esta pedagogía de la reconciliación se inserta en la vida cotidiana a través de la escuela, la universidad, los medios de comunicación, las iglesias y las demás instancias creadoras de cultura, la historia de violencia que hoy en Colombia se nos presenta como una cadena de horrores sin sentido, podría iluminarse a aparecer ante nosotros como el dolor parto por el que daremos a luz una sociedad en paz, donde el respeto por la dignidad humana sea le valor fundamental y la lucha para la equidad como justica sea la única batalla que estemos dispuestos a librar.
650 #0 - ASIENTO SECUNDARIO DE MATERIA - TERMINO TEMÁTICO
9 (RLIN) 1851
Término temático o nombre geográfico como elemento de entrada Justicia social
773 0# - ASIENTO DE ITEM FUENTE
Biblionumber 68214
Itemnumber 81330
Otro identificador del ítem R2116
Título Abriendo Horizontes
Número de control del registro (CO-MdFUSB)768714001
Número Internacional Normalizado para Publicaciones Seriadas (ISSN) 23573295
Parte(s) relacionada(s) / Volumen., número. (mes año), páginas Número 7, (2014), páginas 11 - 24
942 ## - TIPO DE MATERIAL (KOHA)
Tipo de Item KOHA Artículos de Revista
945 ## - INFORMACIÓN LOCAL DEL REGISTRO
Catalogador JTF-925

No hay ítems disponibles.

Biblioteca FUSBC | Teléfono: (57+4) 349 88 10 Ext. 141| WhatsApp (+57) 3005338115 
E-mail: biblioteca@unisbc.edu.co | Calle 76 87-14 Robledo Palenque, Medellín, Colombia

Con tecnología Koha